LEADER 01207nam a2200265 i 4500 001 000000079332 003 CaOOAMICUS 005 20250919104202.0 008 170328s1960 it u000 u ita u 040 $aSeMil$bita 100 1 $aRegamey, Pie-Raymond,$c.$0(OLS)http://semarc/name/22056 240 14$aLes anges au ciel et parmi nous.$0(OLS)http://semarc/title/403330 245 14$aGli angeli /$cdi Pie-Raymond Régamey. 264 1$aCatania :$bPaoline,$c1960. 300 $a150 p. ;$c18 cm. 490 1 $aEnciclopedia cattolica dell'uomo d'oggi. Sez. 4, La vita in Dio. I mediatori 650 4$aAngelologia.$0(OLS)http://semarc/subject/5792 830 0$aEnciclopedia cattolica dell'uomo d'oggi. Sez. 4, La vita in Dio. I mediatori.$0(OLS)http://semarc/title/401891 830 0$aEnciclopedia cattolica dell'uomo d'oggi ;$v47.$0(OLS)http://semarc/title/6174 850 $aSeMil 852 $aSeMil$W1$xVenegono$y1$m2M I 234$j261975$B45065$CSeMilBibl$Z2$F46928 $81 961 $aRecupero: Seminario di Seveso 996 $6245$aGli angeli$9(OLS)http://semarc/title/70720 996 $6264$aCatania :$bPaoline$9(OLS)http://semarc/publisher/31797 LEADER 01126nam a2200277 i 4500 001 000000092921 003 CaOOAMICUS 005 20171127000000.0 008 171127s2014 it u000 u ita u 013 $a65163 020 $a978-88-10-52118-2 040 $aSeMil$bita 100 1 $aAmorth, Gabriele,$c.$0(OLS)http://semarc/name/26036 245 10$aAngeli e diavoli :$bcinquanta domande a un esorcista /$cGabriele Amorth. 260 $aBologna :$bEDB,$c2014. 300 $a61 p. ;$c19 cm. 490 0 $aFede e vita 650 4$aEsorcismo - Teologia.$0(OLS)http://semarc/subject/17744 650 4$aDiavolo - Teologia.$0(OLS)http://semarc/subject/7075 830 0$aFede e vita.$0(OLS)http://semarc/title/6404 850 $aSeMil 852 $aSeMil$W1$xVenegono$y1$m2R I 144$j55743$B55743$CSeMilBibl$Z2$F60522 $81 961 $aOmaggio: Perego don Stefano 996 $6020$a978-88-10-52118-2$9(OLS)http://semarc/number/272177 996 $6245$aAngeli e diavoli :$bcinquanta domande a un esorcista$9(OLS)http://semarc/title/406210 996 $6260$aBologna :$bEDB$9(OLS)http://semarc/publisher/29669